00495nam a22001457a 4500020000800000040001600008082001900024100002700043245006900070260003500139300004700174942001200221999001900233952009700252 qHB. cFIZZA ISHAQ a624.15136bKAT a Katti, R. K.9133581 aInfluence of Gravity on Granular Soil Mechanics /cR. K. Katti. aNew Delhi:b CRC Press,c2000. axii, 467p. : ill. ;c11 X 8.5 X 1.4 inches 2ddccBK c616524d616524 00102ddc4070aNQCbNQCd2026-03-05l0o624.15136 KATpQ- 4159r2026-03-05w2026-03-05yBK